00933naa#a2200181#i#4500001001500000005001700015100004100032102000700073200023300080210016900313215001000482608006000492675006500552700005200617700003400669700003000703856001800733RU\\bibl\1945820260516033817.6##a20260515b2026####ek#y0rusy0150####ca##aRU1#aРОСТ И ПРОДУКТИВНОСТЬ ЛЕСОСТЕПНЫХ ЭКОТИПОВ СОСНЫ ОБЫКНОВЕННОЙ В УСЛОВИЯХ МЕЩЁРСКОЙ НИЗМЕННОСТИeСтатья/тезисы конференции1#aВоронежcВоронежский государственный лесотехнический университет имени Г.Ф. Морозоваd2026##a6 с.##aСтатья/тезисы конференции2local##aЛесное хозяйство. Лесоводство. 630#1aМельникgПетр Григорьевич#1aАртамоноваgА. Н.#1aЧелноковgТ. Н.4#abibl.vgltu.ru